000
00252nam a2200097Ia 4500
001
1223169
005
20250827092902.0
008
250824s9999 xx 000 0 und d
245
0
_a
GİZEMLİ E POSTA
_c
BUKET ÇETİN
260
_b
ALTIN KİTAPLAR YAYINEVİ
999
_c
1223169
_d
1223169